The American University Journal of Gender, Social Policy & the Law

Detalles Bibliográficos
Formato: Revista
Lenguaje:inglés
Publicado: Washington, DC : American University Washington College of Law, 1993-
Materias:
Acceso en línea:http://www.vlex.com/source/7152

MARC

LEADER 00000nas a22000007a 4500
005 20130312173040.0
007 cr|||| ||||
008 130312c19939999xxutr|ps |||| 0|||a1eng d
022 |a 15573753  
035 |a 7152 
040 |a vLex 
090 |c 3904  |d 3904 
245 0 4 |a The American University Journal of Gender, Social Policy & the Law  |h [Recurso electrn̤ico]  
256 |a Servicio en ln̕ea 
260 |a Washington, DC :  |b American University Washington College of Law,  |c 1993- 
300 |a 1 Recurso electrn̤ico 
506 |d vLex Global  |d vLex Global (Academic Edition, excluding Law Schools)  |d vLex Global (U.S. Academic Edition, Law Schools)  |d vLex Global (U.S. Academic Edition, excluding Law Schools)  |d vLex Global (Academic Edition, Law Schools) 
650 0 4 |a Gňero  |v Revistas 
650 0 4 |a Derecho  |v Revistas 
650 0 4 |a Ciencias polt̕icas  |v Revistas 
740 |a vLex Revistas (Servicio en ln̕ea) 
856 |a Acceso restringido  |u http://www.vlex.com/source/7152 
942 |c REV 
999 0 |a Law